000 00530nam a2200157 a 4500
008 160830s2014 ||||||||||||||||| || u
020 _a9781848545854
050 _aPR 6123.I46S58
100 _aWilliams, Andrew
245 1 4 _aThe suicide club
_cBy Andrew Williams
260 _aLondon
_bHodder & Stoughton
_c2014
300 _a360 p.
350 _a23.59
650 _aENGLISH LANGUAGE
995 _FCBU-MAIN LIBRARY (Kitwe)
_I23.59
_M1
_UAVAILABLE
_WSep 29, 2016
_ZFiction Collection
999 _c59076
_d59076